<?xml version="1.0" encoding="UTF-8"?>
<marc:record xmlns:marc="http://www.loc.gov/MARC21/slim">
   <marc:leader>00000nam a2200000 a 4500</marc:leader>
   <marc:datafield ind1="1" ind2=" " tag="100">
      <marc:subfield code="a">Ganster, Gerit</marc:subfield>
      <marc:subfield code="4">aut</marc:subfield>
      <marc:subfield code="e">Verfasser/-in</marc:subfield>
   </marc:datafield>
   <marc:datafield ind1=" " ind2=" " tag="653">
      <marc:subfield code="a">Humor</marc:subfield>
   </marc:datafield>
   <marc:datafield ind1=" " ind2=" " tag="653">
      <marc:subfield code="a">Mutter</marc:subfield>
   </marc:datafield>
   <marc:datafield ind1="0" ind2="0" tag="245">
      <marc:subfield code="a">Meine Mama ist ein Hammer</marc:subfield>
   </marc:datafield>
   <marc:datafield ind1="0" ind2="0" tag="245">
      <marc:subfield code="b">Witzige Geschichten aus dem Familienalltag</marc:subfield>
   </marc:datafield>
   <marc:datafield ind1="0" ind2="0" tag="245">
      <marc:subfield code="c">Ganster, Gerit</marc:subfield>
   </marc:datafield>
   <marc:datafield ind1=" " ind2="1" tag="264">
      <marc:subfield code="b">Molden</marc:subfield>
      <marc:subfield code="c">2012</marc:subfield>
   </marc:datafield>
   <marc:datafield ind1="1" ind2=" " tag="520">
      <marc:subfield code="a">Hätte ihr vorher jemand gesagt, was da mit drei Kindern auf sie zukommt, sie hätte es ohnehin nicht geglaubt. Selber schuld. Da muss die Mama jetzt durch, am besten mit Vollgas und viel Augenzwinkern. Das tägliche Chaos, welches Beruf, Kinder und Haushalt mit sich bringen, wird von Gerit Ganster auf äußerst humorvolle Weise geschildert. Sie erzählt vom grandiosen Scheitern, den kleinen Erfolgen und den großen Glücksmomenten im Alltag mit Kindern. So wie man es kennt. Oder so ähnlich. Eine Lektüre zum Mitleiden und Mitlachen für die wahren Heldinnen und Helden dieser Welt: Die Mamas und die Papas!</marc:subfield>
   </marc:datafield>
   <marc:datafield ind1=" " ind2=" " tag="020">
      <marc:subfield code="a">9783854853046</marc:subfield>
      <marc:subfield code="9">9783854853046</marc:subfield>
   </marc:datafield>
   <marc:datafield ind1=" " ind2=" " tag="020">
      <marc:subfield code="a">3854853041</marc:subfield>
      <marc:subfield code="9">3854853041</marc:subfield>
   </marc:datafield>
   <marc:datafield ind1=" " ind2=" " tag="041">
      <marc:subfield code="a">ger</marc:subfield>
   </marc:datafield>
   <marc:datafield ind1=" " ind2=" " tag="338">
      <marc:subfield code="a">Band</marc:subfield>
   </marc:datafield>
   <marc:datafield ind1=" " ind2=" " tag="300">
      <marc:subfield code="a">165 S.</marc:subfield>
   </marc:datafield>
</marc:record>
